| 000 | 00456nam a2200145Ia 4500 | ||
|---|---|---|---|
| 008 | 200909s9999 xx 000 0 und d | ||
| 020 | _a978-971-23-9261-0 | ||
| 100 | _aDe Leon, Hector S. | ||
| 245 |
_cHector S. De Leon, Hector M. De Leon, Jr. _aTextbook on the Philippine constitution/ |
||
| 250 | _a17th ed. | ||
| 260 |
_aQuezon City: _bREX Bookstore _c2019 |
||
| 300 |
_aliv, 825 pages _c22 cm. |
||
| 650 | _aConstitutional law | ||
| 650 | _aPhilippines | ||
| 999 |
_c364143 _d364143 |
||